000 00418nam a22001697a 4500
003 MPLRDC
005 20220104123955.0
008 210129b ||||| |||| 00| 0 eng d
082 _a802.6 LSX v.1
100 _a吕叔湘
245 _a中国文法要略. 上卷
_c
250 _a五版
260 _a
_b商务印书馆
_c1951
300 _b
650 _a华文文法、汉语文法
942 _cBK
_o802.6 LSX v.1
999 _c15651
_d15641